000 00380nam a2200145Ia 4500
008 230917s9999||||xx |||||||||||||| ||und||
040 _e157370
_aMAIN
041 _aEnglish
082 _a759.9544 A13M
100 _aAman, Avadesh
245 0 _aMithila ki lok chitrakala: Safaltayen asafaltayen
260 _aNew Delhi
_bLalit Kala Akademi
_c1992
300 _a72 p.
942 _cBK
999 _c96459
_d96459